RC Celta de Vigo Squad 2018-2019 - Statistics

General Stats
  • This quiz has been taken 16 times
  • The average score is 22 of 31
Answer Stats
# Position Nation Player % Correct
2 DF Spain Hugo Mallo
100%
10 FW Spain Iago Aspas
100%
13 GK Spain Rubén Blanco
100%
7 FW Turkey Emre Mor
92%
9 FW Uruguay Maxi Gómez
92%
5 MF Turkey Okay Yokuşlu
92%
11 FW Denmark Pione Sisto
92%
1 GK Spain Sergio Álvarez
92%
19 FW Morocco Sofiane Boufal
92%
14 MF Slovakia Stanislav Lobotka
92%
22 DF Argentina Gustavo Cabral
83%
4 DF Mexico Néstor Araújo
83%
8 MF Spain Fran Beltrán
75%
6 MF Serbia Nemanja Radoja
75%
16 FW Denmark Andrew Hjulsager
67%
15 DF Uruguay Lucas Olaza
67%
- Coach Portugal Miguel Cardoso
67%
24 MF Algeria Ryad Boudebouz
67%
- Coach Argentina Antonio Mohamed
58%
23 FW Spain Brais Méndez
58%
17 DF Spain David Juncà
58%
24 DF Argentina Facundo Roncaglia
58%
21 MF Spain Jozabed Sánchez
58%
20 DF Spain Kevin Vázquez
58%
18 MF Denmark Mathias Jensen
58%
3 DF Spain David Costas
50%
32 FW Germany Dennis Eckert
50%
- Coach Spain Fran Escribá
50%
25 DF Paraguay Junior Alonso
50%
15 DF Slovakia Robert Mazáň
50%
12 DF Netherlands Wesley Hoedt
50%
No matching quizzes found
Score Distribution
Percent of People with Each Score
Percentile by Number Answered
Your Score History
You have not taken this quiz